000 006920000a22002170004500
090 _aAR
_b03436
245 1 0 _aDiversity and habitat use of dung beetles in a restored andean landscape
650 1 4 _aDeforestación
_9266
650 1 4 _aRestauración ecológica
_992279
650 1 4 _aCoprófagos
_98620
650 1 4 _aUso del hábitat
_93825
650 1 4 _aDiversidad
_993036
651 4 _lParque Nacional Natural Ucumarí
_dRisaralda
_pColombia
_992749
653 _fScarabaeidae
041 0 _aInglés
700 1 _aEscobar Sarria, Federico
_93531
700 1 _aKattan, Gustavo H.
_94374
100 1 _aMedina, Claudia
_997037
942 _cARTICULO
773 1 _tBiotropica
_h1
_q181-187
_d2002
_g34
999 _c12487
_d12487